000 00617nam a2200157 a 4500
001 000028743
005 20200930055118.0
008 110412s1998 dr b 000 0 spa d
040 _aDO-SdBNP
_bspa
_cBNPHU
082 _axxx
_bR426c
110 1 _aRepública Dominicana
_bComisión Presidencial para la Reforma y Modernización del Estado
_97089
245 1 4 _aLos municipios y provincias dominicanos :
_bun sueño por construir características actuales.
260 _aSanto Domingo :
_bComisión Presidencial para la Reforma y Modernización del Estado ;,
_c1998.
300 _a71 p. :
_bmapas ;
_c22 cm.
049 _aBNPD
999 _c28235
_d28235